<?xml version="1.0" encoding="UTF-8"?><marc:collection xmlns:marc="http://www.loc.gov/MARC21/slim">
  <marc:record>
    <marc:leader>00000nam  2200000za 4500</marc:leader>
    <marc:controlfield tag="001">9.687340</marc:controlfield>
    <marc:controlfield tag="003">CaOODSP</marc:controlfield>
    <marc:controlfield tag="005">20210624230932</marc:controlfield>
    <marc:controlfield tag="007">cr |||||||||||</marc:controlfield>
    <marc:controlfield tag="008">150407s2004    onc|||||o    f|0| 0 eng d</marc:controlfield>
    <marc:datafield tag="040" ind1=" " ind2=" ">
      <marc:subfield code="a">CaOODSP</marc:subfield>
      <marc:subfield code="b">eng</marc:subfield>
    </marc:datafield>
    <marc:datafield tag="043" ind1=" " ind2=" ">
      <marc:subfield code="a">n-cn---</marc:subfield>
    </marc:datafield>
    <marc:datafield tag="086" ind1="1" ind2=" ">
      <marc:subfield code="a">En49-16/4-2002E-PDF</marc:subfield>
    </marc:datafield>
    <marc:datafield tag="110" ind1="1" ind2=" ">
      <marc:subfield code="a">Canada.</marc:subfield>
      <marc:subfield code="b">Environment Canada. </marc:subfield>
      <marc:subfield code="b">National Pollutant Release Inventory.</marc:subfield>
    </marc:datafield>
    <marc:datafield tag="245" ind1="1" ind2="0">
      <marc:subfield code="a">National overview – National Pollutant Release Inventory, 2002 </marc:subfield>
      <marc:subfield code="h">[electronic resource] : </marc:subfield>
      <marc:subfield code="b">final disposal and off-site transfers for treatment prior to final disposal.</marc:subfield>
    </marc:datafield>
    <marc:datafield tag="260" ind1=" " ind2=" ">
      <marc:subfield code="a">Ottawa : </marc:subfield>
      <marc:subfield code="b">Environment Canada, </marc:subfield>
      <marc:subfield code="c">[2004].</marc:subfield>
    </marc:datafield>
    <marc:datafield tag="300" ind1=" " ind2=" ">
      <marc:subfield code="a">32 p. : </marc:subfield>
      <marc:subfield code="b">graphs, references, tables.</marc:subfield>
    </marc:datafield>
    <marc:datafield tag="500" ind1=" " ind2=" ">
      <marc:subfield code="a">"Canadian Environmental Protection Act, 1999." The catalogue number (En49-16/1-2002E) and the ISBN (0-662-37186-0) for the print edition have been incorrectly printed in this electronic edition.</marc:subfield>
    </marc:datafield>
    <marc:datafield tag="520" ind1="3" ind2=" ">
      <marc:subfield code="a">The National Pollutant Release Inventory (NPRI) is a legislated inventory of pollutants released into the environment. In 2002, 1053 facilities reported on-site and off-site final disposal of pollutants; totals were close to 200 000 tonnes on site and 44 000 tonnes off site. This report details the percentage of these disposals that went to landfills, land treatment, and underground injection; the pollutants disposed of in the largest quantities; and the industrial sectors disposing of the largest quantities of pollutants.</marc:subfield>
    </marc:datafield>
    <marc:datafield tag="590" ind1=" " ind2=" ">
      <marc:subfield code="a">05-08</marc:subfield>
      <marc:subfield code="b">2005-02-25</marc:subfield>
    </marc:datafield>
    <marc:datafield tag="690" ind1="0" ind2="7">
      <marc:subfield code="a">Pollutants</marc:subfield>
      <marc:subfield code="2">gcpds</marc:subfield>
    </marc:datafield>
    <marc:datafield tag="775" ind1="0" ind2="8">
      <marc:subfield code="t">Compte rendu national – Inventaire national des rejets de polluants, 2002 </marc:subfield>
      <marc:subfield code="w">(CaOODSP)9.631794</marc:subfield>
    </marc:datafield>
    <marc:datafield tag="776" ind1="0" ind2="#">
      <marc:subfield code="t">National overview – National Pollutant Release Inventory, 2002 : </marc:subfield>
      <marc:subfield code="w">(CaOODSP)9.649319</marc:subfield>
    </marc:datafield>
    <marc:datafield tag="795" ind1=" " ind2=" ">
      <marc:subfield code="t">2001 national overview – National Pollutant Release Inventory </marc:subfield>
      <marc:subfield code="w">(CaOODSP)9.696140</marc:subfield>
    </marc:datafield>
    <marc:datafield tag="856" ind1="4" ind2="0">
      <marc:subfield code="a">http://publications.gc.ca</marc:subfield>
      <marc:subfield code="q">PDF</marc:subfield>
      <marc:subfield code="s">2.25 MB</marc:subfield>
      <marc:subfield code="u">https://publications.gc.ca/collections/Collection/En49-16-4-2002E.pdf</marc:subfield>
    </marc:datafield>
  </marc:record>
</marc:collection>
